000 01106nam a22002657a 4500
003 PE SENCICO BE
005 20251020182648.0
008 231128b |||||||| |||| 00| 0 eng d
040 _aPE SENCICO BE
_cPE SENCICO BE
041 _aspa
084 _aI
_aDIS
_a2017
_bA71
100 1 _91820
_aArias Salas, Karla Alexandra
_eautor
245 1 _aLos principios del diseño en tienda de ropa juvenil /
_cKarla Alexandra Arias Salas
260 _aLima :
_c2017
300 _a2 v. :
_bil. col. ;
_c30 cm.
500 _aTexto en dos volúmenes. El volumen 2 contiene planos (40 x 60 cm.).
502 _aMonografía de Titulación.-- Servicio Nacional de Capacitación para la Industria de la Construcción. Escuela Superior Técnica. Carrera Profesional Técnica en Diseño de Interiores, 2017.
650 1 0 _944
_aDiseño de interiores
650 2 0 _9880
_aCentros comerciales
650 2 0 _91405
_aSimetría (Arte)
650 2 0 _9615
_aPlanos
710 1 _aServicio Nacional de Capacitación para la Industria de la Construcción.
_bEscuela Superior Técnica
_91065
910 _bhfp
_chfp
942 _cMON
999 _c4466
_d4466